Khanna Sutra: Food lessons in love (Record no. 26831)

MARC details
000 -LEADER
fixed length control field 00458nam a2200169Ia 4500
008 - FIXED-LENGTH DATA ELEMENTS--GENERAL INFORMATION
fixed length control field 230917s9999||||xx |||||||||||||| ||und||
020 ## - ISBN
Price RS895
040 ## - CATALOGING SOURCE
-- 247498
Original cataloging agency VIVEKANANDA LIBRARY
041 ## - Language
-- English
082 ## - DDC NUMBER
Classification number 641.5954792 K527K
100 ## - MAIN ENTRY--PERSONAL NAME
Personal name Khanna, Vikas
245 #0 - TITLE STATEMENT
Title Khanna Sutra: Food lessons in love
260 ## - PUBLICATION, DISTRIBUTION, ETC. (IMPRINT)
Place of publication, distribution, etc Noida
Name of publisher, distributor, etc Om Books International
Date of publication, distribution, etc 2013
300 ## - PHYSICAL DESCRIPTION
Pages 184 p.
500 ## - GENERAL NOTE
General note 3123 23/05/2018 HBD18/7404 26/05/2018 Main Budget
942 ## - ADDED ENTRY ELEMENTS (KOHA)
Koha item type Books
Holdings
Withdrawn status Lost status Damaged status Not for loan Location (home branch) Sublocation or collection (holding branch) Shelving location Date acquired Koha issues (times borrowed) Koha full call number Accession No. Koha date last seen Koha item type
        VIVEKANANDA LIBRARY VIVEKANANDA LIBRARY IHTM Library 28/06/2018 1 641.5954792 K527K 369972 24/09/2025 Books
© Designed and Maintained by Vivekananda Library, MDU Rohtak